[Event "9. Longericher Sommer-Open"]
[Site "9. Longericher Sommer-Open"]
[Date "2012.08.03"]
[Round "1.1"]
[White "Mladenov, Svetlin"]
[Black "Scholzen, Wolfgang"]
[Result "1-0"]
[WhiteElo "2406"]
[BlackElo "2115"]
[PlyCount "51"]
[EventDate "2012.??.??"]
[WhiteTeam "SV Wattenscheid 1930"]
[BlackTeam "SK Turm Euskirchen 65"]

1. e4 e6 2. d3 d5 3. Nd2 Nf6 4. Ngf3 c5 5. g3 Be7 6. Bg2 O-O 7. O-O b6 8. e5
Nfd7 9. Re1 Qc7 10. Nf1 Nc6 11. Bf4 Bb7 12. h4 Rac8 13. N1h2 d4 14. Ng5 Bxg5 (
14... h6 15. Qh5 hxg5 16. hxg5 Nb4 17. Ng4 Nxc2 18. Nf6+ gxf6 19. gxf6 Nxf6 20.
exf6 Bxf6) 15. hxg5 Ne7 16. Qh5 Ng6 17. Ng4 Nxf4 18. gxf4 f5 19. exf6 Bxg2 20.
Kxg2 Qxf4 21. Rxe6 Rf7 22. Rh1 Qf5 23. fxg7 Kxg7 24. g6 Nf8 (24... Qxh5 25.
Rxh5) 25. Qxh7+ Nxh7 26. Rxh7+ 1-0

[Event "9. Longericher Sommer-Open"]
[Site "9. Longericher Sommer-Open"]
[Date "2012.08.03"]
[Round "1.2"]
[White "Lambertz, Michael"]
[Black "Rotstein, Jefim"]
[Result "0-1"]
[WhiteElo "1990"]
[BlackElo "2320"]
[PlyCount "132"]
[EventDate "2012.??.??"]
[WhiteTeam "SF Esch e.V."]
[BlackTeam "Ford-SF Köln e.V."]

1. e4 c5 2. c3 Nf6 3. e5 Nd5 4. Bc4 Nb6 5. Bb3 d5 6. exd6 Qxd6 7. Nf3 Nc6 8.
O-O g6 9. d4 cxd4 10. Nxd4 Nxd4 11. cxd4 Bg7 12. Be3 O-O 13. Nc3 Bf5 14. Qf3
Qd7 15. h3 Rac8 16. Rfd1 h5 17. Rac1 Nc4 18. Na4 Nxe3 19. fxe3 Rxc1 20. Rxc1
Rc8 21. Nc5 Qc6 22. Bd5 Qb5 23. g4 hxg4 24. hxg4 Be6 25. Bxe6 fxe6 26. Qe4 Qc6
27. Qxg6 e5 28. Qxc6 Rxc6 29. d5 Rd6 30. Ne4 Rxd5 31. Rc7 Rb5 32. b3 Rb4 33.
Rc4 Rb6 34. Kf2 Kf7 35. Rc7 Ke6 36. Kf3 Bf6 37. Rxb7 Rxb7 38. Nc5+ Kd5 39. Nxb7
e4+ 40. Kf4 Be5+ 41. Kf5 e6+ 42. Kg5 Bc3 43. Nd8 Bd4 44. Kf4 e5+ 45. Kf5 Bxe3
46. Nf7 Bf4 47. g5 e3 48. g6 e2 49. g7 e1=Q 50. g8=Q Qb1+ 51. Kf6 Kd4 52. Qd8+
Ke3 53. Qa5 e4 54. Qxa7+ Kf3 55. Qd7 e3 56. Qh3+ Kf2 57. Qg4 Qe4 58. Qh4+ Kf1
59. Qh3+ Qg2 60. Qf5 Qf2 61. Qb1+ Kg2 62. Qe4+ Qf3 63. Qg6+ Bg3+ 64. Kg7 e2 65.
Ng5 Qc3+ 66. Kf8 e1=Q 0-1

[Event "9. Longericher Sommer-Open"]
[Site "9. Longericher Sommer-Open"]
[Date "2012.08.03"]
[Round "1.3"]
[White "Harff, Marcel"]
[Black "Arlt, Klaus"]
[Result "1-0"]
[WhiteElo "2252"]
[BlackElo "2044"]
[PlyCount "87"]
[EventDate "2012.??.??"]
[WhiteTeam "SG Hochneukirch"]
[BlackTeam "SF Köln-Mülheim e.V."]

1. c4 c6 2. Nf3 d5 3. g3 Nf6 4. Bg2 g6 5. b3 Bg7 6. Bb2 O-O 7. O-O Nbd7 8. Qc2
Re8 9. cxd5 cxd5 10. Nc3 a6 11. Rac1 Nb6 12. d3 Bh6 13. Rcd1 Bd7 14. e4 Be6 15.
Qb1 Rc8 16. h3 Rc7 17. Ne2 Qc8 18. Be5 Rd7 19. Bd4 dxe4 20. dxe4 Na8 21. g4 Bg7
22. Ng5 Rc7 23. Nf4 Bxg4 24. hxg4 Qxg4 25. Nfh3 e5 26. Ba1 Nh5 27. Nf3 h6 28.
Rd6 g5 29. Rfd1 f6 30. Nh2 Qc8 31. Qd3 Bf8 32. Rd7 Nb6 33. Rxc7 Qxc7 34. Bf3
Ng7 35. Ng4 Re6 36. Nxh6+ Kh7 37. Nf5 Rc6 38. Qd8 Qxd8 39. Rxd8 Rc1+ 40. Kg2
Bc5 41. Nxg5+ fxg5 42. Bxe5 Ne6 43. Rh8+ Kg6 44. Bh5# 1-0

[Event "9. Longericher Sommer-Open"]
[Site "9. Longericher Sommer-Open"]
[Date "2012.08.03"]
[Round "1.4"]
[White "Schmidt, Kai-Uwe"]
[Black "Pieper, Dawid"]
[Result "1/2-1/2"]
[WhiteElo "2051"]
[BlackElo "2196"]
[PlyCount "58"]
[EventDate "2012.??.??"]
[WhiteTeam "Klub Kölner SF e.V. 1"]
[BlackTeam "SVigung 1920 Plettenbe"]

1. d4 e6 2. c4 f5 3. g3 Nf6 4. Bg2 Be7 5. Nf3 d6 6. O-O O-O 7. b4 a5 8. b5 Ne4
9. Bb2 Nd7 10. Nbd2 Qe8 11. Rc1 Qh5 12. e3 Nxd2 13. Nxd2 Qh6 14. e4 e5 15. dxe5
Nxe5 16. Bxe5 dxe5 17. exf5 Bxf5 18. Bxb7 Rab8 19. Bd5+ Kh8 20. Qe2 Bg5 21.
Rcd1 Bc2 22. Rc1 Ba4 23. Rcd1 Bxd1 24. Rxd1 Bxd2 25. Rxd2 Rfe8 26. Rd3 Qg5 27.
Re3 Qf6 28. Kg2 h6 29. Rf3 Qg5 1/2-1/2

[Event "9. Longericher Sommer-Open"]
[Site "9. Longericher Sommer-Open"]
[Date "2012.08.03"]
[Round "1.5"]
[White "Neubauer, Jürgen"]
[Black "Mass, Elvira"]
[Result "1-0"]
[WhiteElo "2119"]
[BlackElo "1990"]
[PlyCount "73"]
[EventDate "2012.??.??"]
[WhiteTeam "SK Turm Euskirchen 65"]
[BlackTeam "SG Porz e.V."]

1. e4 e6 2. Nf3 d5 3. e5 c5 4. b4 cxb4 5. d4 Nc6 6. a3 Bd7 7. axb4 Bxb4+ 8. c3
Be7 9. Bd3 a6 10. O-O Rc8 11. Re1 Na5 12. h4 h5 13. g3 Nh6 14. Ng5 Nf5 15. Bxf5
exf5 16. e6 fxe6 17. Nxe6 Bxe6 18. Rxe6 Kf7 19. Rxe7+ Qxe7 20. Rxa5 Qe6 21. Bf4
b5 22. Ra2 Rce8 23. Be5 Rh7 24. Nd2 Rc8 25. Nf3 Kg8 26. Ng5 Qg6 27. Nxh7 Kxh7
28. Qd3 Qe6 29. Re2 g6 30. Bf4 Qd7 31. Bg5 Re8 32. Rxe8 Qxe8 33. Qe3 Qxe3 34.
Bxe3 Kg7 35. Bc1 Kf6 36. Kg2 a5 37. Kf3 1-0

[Event "9. Longericher Sommer-Open"]
[Site "9. Longericher Sommer-Open"]
[Date "2012.08.03"]
[Round "1.6"]
[White "Hack, Thomas"]
[Black "Heedt, Thorsten"]
[Result "1/2-1/2"]
[WhiteElo "2016"]
[BlackElo "2171"]
[PlyCount "68"]
[EventDate "2012.??.??"]
[WhiteTeam "SK Turm Euskirchen 65"]
[BlackTeam "SG Porz e.V."]

1. d4 g6 2. e4 Bg7 3. Nf3 d6 4. Bd3 Nf6 5. O-O O-O 6. Nc3 Nc6 7. h3 e5 8. d5
Ne7 9. Ne2 Nexd5 10. exd5 e4 11. Ng3 exd3 12. Qxd3 Nd7 13. Bg5 f6 14. Bd2 Ne5
15. Qb3 Nxf3+ 16. Qxf3 Bd7 17. Ne2 Re8 18. Nd4 f5 19. Bc3 Qh4 20. Ne6 Bxc3 21.
Qxc3 Bxe6 22. dxe6 Re7 23. Rae1 Rae8 24. Re2 Qh6 25. Qb3 b6 26. Qd5 Qg7 27. c3
a5 28. Rfe1 Qf6 29. a4 Kg7 30. f4 Kh8 31. Re3 Rg8 32. Rg3 Rge8 33. Rge3 Rg8 34.
Rg3 Rge8 1/2-1/2

[Event "9. Longericher Sommer-Open"]
[Site "9. Longericher Sommer-Open"]
[Date "2012.08.03"]
[Round "1.7"]
[White "Niesel, Matthias P"]
[Black "Goldenstein, Arnd"]
[Result "0-1"]
[WhiteElo "2181"]
[BlackElo "2051"]
[PlyCount "64"]
[EventDate "2012.??.??"]
[BlackTeam "Klub Kölner SF e.V. 1"]

1. c4 c5 2. g3 Nc6 3. Bg2 g6 4. Nc3 Bg7 5. d3 e5 6. e4 d6 7. Nge2 Bg4 8. f3 Be6
9. O-O Qd7 10. Nd5 Nge7 11. Bg5 Bxd5 12. cxd5 Nd4 13. Nxd4 cxd4 14. Qb3 h5 15.
h4 f6 16. Bd2 g5 17. Kh2 gxh4 18. gxh4 Ng6 19. Bh3 Qe7 20. Rg1 Nxh4 21. Rg3 f5
22. exf5 Bf6 23. Rag1 Kf7 24. Qd1 Rag8 25. Rxg8 Rxg8 26. f4 Rxg1 27. Qxh5+ Kf8
28. Kxg1 e4 29. Bb4 exd3 30. Bg4 Qe3+ 31. Kf1 Qxf4+ 32. Ke1 Ng2+ 0-1

[Event "9. Longericher Sommer-Open"]
[Site "9. Longericher Sommer-Open"]
[Date "2012.08.03"]
[Round "1.8"]
[White "Flüchter, Gregor"]
[Black "Freundlieb, Thomas"]
[Result "1/2-1/2"]
[WhiteElo "1941"]
[BlackElo "2120"]
[PlyCount "141"]
[EventDate "2012.??.??"]
[WhiteTeam "SF Brackel 1930 e.V."]
[BlackTeam "SV Bergneustadt/Dersch"]

1. e4 d6 2. d4 Nf6 3. Nc3 e5 4. dxe5 dxe5 5. Qxd8+ Kxd8 6. Nf3 Bd6 7. Bg5 Be6
8. O-O-O Kc8 9. Bd3 Nbd7 10. a3 a6 11. Ne2 h6 12. Bh4 b5 13. Bg3 Nh5 14. Nd2
Nxg3 15. hxg3 Nb6 16. f4 f6 17. Nf3 Rd8 18. fxe5 fxe5 19. Nh4 c5 20. Ng1 b4 21.
axb4 cxb4 22. Ngf3 a5 23. Ng6 a4 24. Ngxe5 a3 25. b3 Kb7 26. Kb1 Rac8 27. Ng6
Bc5 28. Nf4 Bg8 29. e5 g5 30. Be4+ Kc7 31. Nd3 Bf8 32. Nf2 Nd5 33. Bxd5 Bxd5
34. Rd3 Bg8 35. Nd4 Bg7 36. Re1 Rd5 37. Nf3 Re8 38. Rxd5 Bxd5 39. Nd3 Bf8 40.
Re2 Be7 41. Nd4 Rf8 42. Re1 Kd7 43. g4 Be6 44. Nxe6 Kxe6 45. Rh1 Rh8 46. Rh3
Rh7 47. Rh1 Bf8 48. Re1 Kd5 49. Rf1 Be7 50. Rf3 Ke6 51. Re3 Kd5 52. Rf3 Rh8 53.
Rf7 Ke6 54. Rg7 h5 55. gxh5 Rxh5 56. Rg6+ Kf5 57. Rg7 Rh1+ 58. Ka2 Ke6 59. Rg6+
Kf7 60. Rb6 Rh2 61. Nxb4 Rxg2 62. Kxa3 Rg4 63. c3 Re4 64. Kb2 Re2+ 65. Kc1 Rxe5
66. Kd1 g4 67. Rh6 g3 68. Nc6 Rg5 69. Rh1 g2 70. Rg1 Bc5 71. Nd4 1/2-1/2

[Event "9. Longericher Sommer-Open"]
[Site "9. Longericher Sommer-Open"]
[Date "2012.08.03"]
[Round "1.9"]
[White "Hobusch, Jan"]
[Black "Spradley, Julian"]
[Result "1/2-1/2"]
[WhiteElo "2027"]
[BlackElo "1786"]
[PlyCount "64"]
[EventDate "2012.??.??"]
[WhiteTeam "SG Bochum 1931"]
[BlackTeam "SV Erftstadt e.V."]

1. d4 f5 2. Bf4 Nf6 3. e3 g6 4. h4 h6 5. Nf3 d6 6. Bc4 Bg7 7. Nc3 d5 8. Bd3 Be6
9. Ne5 Bf7 10. g4 e6 11. Qf3 Qe7 12. O-O-O c6 13. Rdg1 Rg8 14. Rg2 Nbd7 15.
Nxd7 Kxd7 16. g5 Nh5 17. Be5 hxg5 18. hxg5 Rh8 19. Qd1 Bxe5 20. dxe5 Ng7 21.
Ne2 Rag8 22. f4 Qf8 23. Rgh2 Rxh2 24. Rxh2 Rh8 25. Qh1 Rxh2 26. Qxh2 Ne8 27.
Nd4 Nc7 28. c3 c5 29. Nf3 b5 30. Qh7 Qg8 31. Qxg8 Bxg8 32. b4 c4 1/2-1/2

[Event "9. Longericher Sommer-Open"]
[Site "9. Longericher Sommer-Open"]
[Date "2012.08.03"]
[Round "1.10"]
[White "Brecker, Hans-Jörg"]
[Black "Evers, Leo"]
[Result "0-1"]
[WhiteElo "1988"]
[BlackElo "2117"]
[PlyCount "52"]
[EventDate "2012.??.??"]
[WhiteTeam "SF Erkelenz 1959 e.V."]
[BlackTeam "SG Porz e.V."]

1. d4 Nf6 2. Nf3 c5 3. g3 cxd4 4. Nxd4 e5 5. Nb3 d5 6. Bg2 h6 7. O-O Nc6 8.
N1d2 a5 9. a4 Be6 10. e3 Be7 11. Qe2 Rc8 12. Qb5 O-O 13. c3 b6 14. f4 e4 15. h3
Bd7 16. Qe2 Qe8 17. g4 Nh7 18. c4 Nb4 19. cxd5 Nc2 20. Rb1 Bxa4 21. Bxe4 Nb4
22. Nd4 Bc5 23. b3 Nf6 24. Bf5 Bxd4 25. Bxc8 Bxe3+ 26. Kh2 Bxf4+ 0-1

[Event "9. Longericher Sommer-Open"]
[Site "9. Longericher Sommer-Open"]
[Date "2012.08.03"]
[Round "1.11"]
[White "Begri, Robert"]
[Black "Henrotte, Nils"]
[Result "1/2-1/2"]
[WhiteElo "2072"]
[BlackElo "1971"]
[PlyCount "59"]
[EventDate "2012.??.??"]
[WhiteTeam "Tischtennisclub Grün-Weiß Fritzd"]
[BlackTeam "Eschweiler SC 1921 e.V."]

1. e4 e6 2. d4 d5 3. Nd2 c5 4. Ngf3 Nc6 5. exd5 exd5 6. Bb5 Bd6 7. O-O cxd4 8.
Nb3 Nge7 9. Nbxd4 O-O 10. Bg5 Qb6 11. Bxe7 Bxe7 12. Ba4 Bf6 13. Nxc6 bxc6 14.
c3 Bg4 15. Rb1 Qa6 16. Bb3 Rfe8 17. a3 Re7 18. Bc2 Rae8 19. Qd3 Qxd3 20. Bxd3
Rb8 21. Rfc1 a5 22. Nd4 Rb6 23. f3 Bh5 24. Nf5 Re8 25. b4 axb4 26. Rxb4 Reb8
27. Rcb1 Rxb4 28. cxb4 Bg6 29. Kf2 Bxf5 30. Bxf5 1/2-1/2

[Event "9. Longericher Sommer-Open"]
[Site "9. Longericher Sommer-Open"]
[Date "2012.08.03"]
[Round "1.12"]
[White "Esser, Thomas"]
[Black "Dijkhuis, Tycho"]
[Result "1/2-1/2"]
[WhiteElo "1939"]
[BlackElo "2006"]
[PlyCount "66"]
[EventDate "2012.??.??"]
[WhiteTeam "SV Horrem 1948"]
[BlackTeam "Schaakclub Utrecht"]

1. d4 d5 2. c4 c6 3. Nf3 Nf6 4. e3 e6 5. b3 Nbd7 6. Bb2 Bd6 7. Nbd2 O-O 8. Bd3
Qe7 9. Ne5 Ba3 10. Bxa3 Qxa3 11. O-O Qe7 12. Qc2 g6 13. Ndf3 Nxe5 14. Nxe5 Nd7
15. Nxd7 Bxd7 16. e4 dxe4 17. Bxe4 e5 18. dxe5 Qxe5 19. Rfe1 Rfe8 20. Qd2 Qc7
21. Re3 Rad8 22. Rae1 Bf5 23. Qc1 Bxe4 24. Rxe4 Rxe4 25. Rxe4 Qa5 26. Re2 Qa3
27. Qe1 Qd6 28. Re8+ Rxe8 29. Qxe8+ Kg7 30. Qe2 Qd4 31. h3 Kf6 32. g3 Qe5 33.
Qd2 Kg7 1/2-1/2

[Event "9. Longericher Sommer-Open"]
[Site "9. Longericher Sommer-Open"]
[Date "2012.08.03"]
[Round "1.13"]
[White "Gülsen, Taylan"]
[Black "Heyn, Peter"]
[Result "1-0"]
[WhiteElo "2021"]
[BlackElo "1922"]
[PlyCount "97"]
[EventDate "2012.??.??"]
[WhiteTeam "SG Niederkassel"]
[BlackTeam "Düsseldorfer SV 1854"]

1. e4 e6 2. d4 d5 3. exd5 exd5 4. Bd3 Nc6 5. Ne2 Nb4 6. O-O Bd6 7. Re1 Ne7 8.
Bg5 f6 9. Bf4 O-O 10. c4 Nxd3 11. Qxd3 c6 12. c5 Bf5 13. Qg3 Bb8 14. Nbc3 Re8
15. b4 Bd7 16. a4 Ng6 17. Bxb8 Qxb8 18. Qd3 Qc8 19. b5 Bf5 20. Qd2 Qd7 21. Qb2
Nh4 22. Ng3 Bg4 23. Qc2 g6 24. Qd3 Bf5 25. Qf1 Bc2 26. f3 Bb3 27. Qf2 Nf5 28.
Rab1 Bc4 29. bxc6 bxc6 30. Nxf5 Qxf5 31. Qd2 Qd7 32. Kf2 Rxe1 33. Rxe1 Re8 34.
a5 Rxe1 35. Qxe1 Qc7 36. Qe6+ Kg7 37. Ne2 Qxh2 38. Qxc6 Qh4+ 39. Ke3 Qe1 40.
Qb7+ Kh6 41. Qb2 Qxa5 42. c6 Ba6 43. Qc3 Qc7 44. Qc5 Bc4 45. Nf4 Bf1 46. g4 Bc4
47. Qf8+ Qg7 48. Qd6 Qg8 49. Ne6 1-0

[Event "9. Longericher Sommer-Open"]
[Site "9. Longericher Sommer-Open"]
[Date "2012.08.03"]
[Round "1.14"]
[White "Boschek, Hans-Joachim"]
[Black "Martino-Groß, Peter"]
[Result "0-1"]
[WhiteElo "1931"]
[BlackElo "2110"]
[PlyCount "38"]
[EventDate "2012.??.??"]
[WhiteTeam "SV 1922 Hilden"]
[BlackTeam "Ohligser Turnverein 1888 e.V."]

1. d4 Nf6 2. Nf3 g6 3. Nc3 d5 4. Bf4 Bg7 5. h4 h5 6. e3 O-O 7. Be2 c5 8. Qd2 b6
9. Ne5 Bb7 10. g4 hxg4 11. Nxg4 Nh5 12. Bh6 e6 13. Bxg7 Kxg7 14. O-O-O Nd7 15.
Rdg1 Rh8 16. e4 dxe4 17. d5 exd5 18. Nxd5 Ndf6 19. Ngxf6 Nxf6 0-1

[Event "9. Longericher Sommer-Open"]
[Site "9. Longericher Sommer-Open"]
[Date "2012.08.03"]
[Round "1.15"]
[White "Jordans, Ralph"]
[Black "Lantsman, Boris"]
[Result "0-1"]
[WhiteElo "1899"]
[BlackElo "1890"]
[PlyCount "74"]
[EventDate "2012.??.??"]
[WhiteTeam "Ford-SF Köln e.V."]
[BlackTeam "SF Köln-Longerich 195"]

1. c4 e6 2. Nf3 b6 3. g3 Bb7 4. Bg2 Nf6 5. O-O Be7 6. Nc3 O-O 7. d4 d6 8. Re1
d5 9. Ne5 Ne4 10. cxd5 Nxc3 11. bxc3 Bxd5 12. e4 Bb7 13. Qa4 Qe8 14. Qb3 Nd7
15. Nd3 Qd8 16. d5 exd5 17. exd5 Nc5 18. Nxc5 Bxc5 19. Be3 Bxe3 20. fxe3 Qd6
21. Rac1 Rad8 22. c4 Qc5 23. Kh1 Rfe8 24. Qc3 h6 25. e4 f6 26. e5 fxe5 27. Rxe5
b5 28. Rxe8+ Rxe8 29. h4 bxc4 30. Qxc4 Re1+ 31. Kh2 Rxc1 32. Qe4 Qg1+ 33. Kh3
Bc8+ 34. g4 Rc3+ 35. Bf3 Qe3 36. Kg2 Qxe4 37. Bxe4 Bxg4 0-1

[Event "9. Longericher Sommer-Open"]
[Site "9. Longericher Sommer-Open"]
[Date "2012.08.03"]
[Round "1.16"]
[White "Begri, Felix"]
[Black "Jiritschka, Wolfgang"]
[Result "1/2-1/2"]
[WhiteElo "1896"]
[BlackElo "2021"]
[PlyCount "32"]
[EventDate "2012.??.??"]
[WhiteTeam "Tischtennisclub Grün-Weiß Fritzd"]
[BlackTeam "SC Bayer Leverkusen e.V."]

1. d4 Nf6 2. c4 c5 3. d5 b5 4. Bg5 d6 5. Bxf6 exf6 6. e3 g6 7. cxb5 a6 8. Nc3
Bg7 9. Nf3 O-O 10. Be2 f5 11. O-O Bd7 12. a4 Qa5 13. Nd2 Bxc3 14. Nc4 Qb4 15.
bxc3 Qxc3 16. Nxd6 (16. b6 a5 17. Qb1 Na6 18. b7 Rab8 19. Rc1 Qf6 20. Qb6 Nb4
21. Qxd6 Qxd6 22. Nxd6 Nxd5 23. Rxc5) 16... Qf6 1/2-1/2

[Event "9. Longericher Sommer-Open"]
[Site "9. Longericher Sommer-Open"]
[Date "2012.08.03"]
[Round "1.17"]
[White "Gutt, Oswald"]
[Black "Fieberg, Christoph"]
[Result "1-0"]
[WhiteElo "2032"]
[BlackElo "1845"]
[PlyCount "79"]
[EventDate "2012.??.??"]
[WhiteTeam "Bergische SF 1923 Ber"]
[BlackTeam "SG Porz e.V."]

1. c4 e5 2. Nc3 Nf6 3. g3 Bc5 4. Bg2 O-O 5. e3 Re8 6. Nge2 Nc6 7. O-O e4 8. Nf4
Nb4 9. a3 Nd3 10. Nxd3 exd3 11. b4 Bf8 12. Bb2 a5 13. b5 c6 14. Qb1 d5 15. cxd5
Nxd5 16. Nxd5 cxd5 17. Qxd3 Be6 18. Rac1 Qd7 19. a4 Rad8 20. Qd4 Qd6 21. Bc3 b6
22. f4 Bf5 23. Bb2 Qg6 24. Rc6 Bc5 25. Rxg6 Bxd4 26. Bxd4 hxg6 27. Bxb6 Rd7 28.
Rc1 Be4 29. Bf1 Rb7 30. Bd4 Rbb8 31. b6 Rec8 32. Rc3 Rxc3 33. dxc3 Bc2 34. Bb5
f6 35. Bc6 Kf7 36. b7 Bxa4 37. Bxd5+ Ke7 38. Ba7 Kd6 39. Bxb8+ Kxd5 40. Bc7 1-0

[Event "9. Longericher Sommer-Open"]
[Site "9. Longericher Sommer-Open"]
[Date "2012.08.03"]
[Round "1.18"]
[White "Fieberg, Samuel"]
[Black "Hübben, Dominik"]
[Result "1/2-1/2"]
[WhiteElo "1876"]
[BlackElo "1836"]
[PlyCount "66"]
[EventDate "2012.??.??"]
[WhiteTeam "SG Porz e.V."]
[BlackTeam "Eschweiler SC 1921 e.V."]

1. e4 d6 2. d4 Nf6 3. Nc3 g6 4. Nf3 Bg7 5. Be2 O-O 6. O-O Bg4 7. h3 Bxf3 8.
Bxf3 e5 9. dxe5 dxe5 10. Be3 Qe7 11. Qe2 c6 12. Qc4 b5 13. Bc5 Qb7 14. Qb3 Rd8
15. Rfd1 Na6 16. Be3 Nc7 17. Na4 Ne6 18. Nc5 Nxc5 19. Bxc5 Bf8 20. Qe3 Bxc5 21.
Qxc5 Qc7 22. a4 Rxd1+ 23. Rxd1 Ne8 24. axb5 cxb5 25. Qxb5 Rb8 26. Qa4 Nd6 27.
b3 Nb5 28. Qc4 Qxc4 29. bxc4 Nd4 30. Ra1 Rb7 31. Bd1 Rc7 32. c3 Ne6 33. Be2 Kf8
1/2-1/2

[Event "9. Longericher Sommer-Open"]
[Site "9. Longericher Sommer-Open"]
[Date "2012.08.03"]
[Round "1.19"]
[White "Heinemann, Josefine"]
[Black "Vranidis, Athanassios"]
[Result "0-1"]
[WhiteElo "1839"]
[BlackElo "1858"]
[PlyCount "74"]
[EventDate "2012.??.??"]
[WhiteTeam "SG Aufbau Elbe Magdeburg"]
[BlackTeam "SG Solingen e.V."]

1. e4 c5 2. Nf3 d6 3. d4 cxd4 4. Nxd4 Nf6 5. Nc3 a6 6. Be3 Ng4 7. Bc1 Nc6 8.
Be2 Nxd4 9. Qxd4 e5 10. Qd1 Nf6 11. Bg5 Be6 12. Bxf6 Qxf6 13. Nd5 Qd8 14. O-O
Be7 15. c4 O-O 16. Qb3 Rb8 17. Nb6 Qc7 18. Rfd1 Rfd8 19. Nd5 Qd7 20. Qg3 Kh8
21. Rd3 Bf8 22. Rad1 Qc6 23. Rc3 Rdc8 24. Bg4 b5 25. Qh4 Bxg4 26. Qxg4 bxc4 27.
Rg3 Rxb2 28. Qh4 (28. Ne7) 28... h6 29. Nf6 Be7 30. Rxg7 Kxg7 31. Nh5+ Kf8 32.
Nf6 Bxf6 33. Qxf6 Rb6 34. Qxh6+ Ke8 35. Qh8+ Kd7 36. Qg7 Kc7 37. Qxf7+ Kb8 0-1

[Event "9. Longericher Sommer-Open"]
[Site "9. Longericher Sommer-Open"]
[Date "2012.08.03"]
[Round "1.20"]
[White "Marzec, Witold"]
[Black "Zilberman, Rodion"]
[Result "1-0"]
[WhiteElo "1857"]
[BlackElo "1844"]
[PlyCount "66"]
[EventDate "2012.??.??"]
[BlackTeam "SF Köln-Longerich 195"]

1. d4 g6 2. c4 Bg7 3. Nc3 d6 4. e4 Nf6 5. h3 O-O 6. Nf3 c5 7. d5 Bd7 8. Be2 a6
9. a4 a5 10. O-O Na6 11. Ne1 Nb4 12. Nd3 Qc8 13. Be3 Ne8 14. Qd2 Nc7 15. Bh6
Nxd3 16. Bxg7 Kxg7 17. Bxd3 b6 18. f4 e6 19. b3 exd5 20. cxd5 f6 21. Rae1 Qe8
22. Qe3 Qe7 23. Qg3 Rae8 24. Re2 Rf7 25. Rfe1 Qd8 26. e5 fxe5 27. fxe5 dxe5 28.
Rxe5 Ref8 29. Bc4 Rf6 30. Re7+ R8f7 31. d6 Rxe7 32. Rxe7+ Kh8 33. Qe5 Ne8 1-0

[Event "9. Longericher Sommer-Open"]
[Site "9. Longericher Sommer-Open"]
[Date "2012.08.03"]
[Round "1.21"]
[White "Maczkowiak, Thomas"]
[Black "Liebsch, Felix"]
[Result "1-0"]
[WhiteElo "1943"]
[BlackElo "1966"]
[PlyCount "43"]
[EventDate "2012.??.??"]
[WhiteTeam "Märkischer Springer Halver-Schal"]
[BlackTeam "SC Bayer Leverkusen e.V."]

1. Nf3 f5 2. e4 d6 3. Nc3 Nf6 4. e5 dxe5 5. Nxe5 Nbd7 6. d4 Nxe5 7. dxe5 Qxd1+
8. Nxd1 Ne4 9. Be3 e6 10. f3 Nc5 11. Bc4 Be7 12. Nc3 a6 13. a4 b6 14. O-O O-O
15. Rfd1 Nb7 16. Ne2 Bc5 17. Bxc5 Nxc5 18. Nd4 Bd7 19. b4 Nxa4 20. Nxe6 Bxe6
21. Bxe6+ Kh8 22. Rxa4 1-0

[Event "9. Longericher Sommer-Open"]
[Site "9. Longericher Sommer-Open"]
[Date "2012.08.03"]
[Round "1.22"]
[White "de Vivie, Achim"]
[Black "Wigger, Reiner"]
[Result "1/2-1/2"]
[WhiteElo "1727"]
[BlackElo "1982"]
[PlyCount "98"]
[EventDate "2012.??.??"]
[WhiteTeam "SF Köln-Longerich 195"]
[BlackTeam "Indische Dame Münster"]

1. e4 d5 2. exd5 Nf6 3. Nf3 Nxd5 4. d4 Bg4 5. Be2 Nc6 6. c4 Nb6 7. d5 Bxf3 8.
Bxf3 Ne5 9. Be2 g6 10. f4 Ned7 11. O-O Bg7 12. Nc3 O-O 13. Be3 Nf6 14. Qb3 Qc8
15. Bf3 Rb8 16. Rad1 e6 17. c5 Nbxd5 18. Nxd5 exd5 19. Bxd5 Nxd5 20. Rxd5 Rd8
21. Rxd8+ Qxd8 22. Rd1 Qe7 23. Qa3 Bxb2 24. Qb3 Bg7 25. c6 b6 26. Rd7 Qe8 27.
Rxc7 Bd4 28. Kf2 Bxe3+ 29. Qxe3 Qd8 30. Rd7 Qh4+ 31. Kg1 Rc8 32. c7 Qf6 33. Qd2
Kg7 34. g3 h5 35. Qd5 Qa1+ 36. Kg2 Qb2+ 37. Kh3 Qf6 38. Qe5 a6 39. Qxf6+ Kxf6
40. Rd6+ Ke7 41. Rxb6 Rxc7 42. Rxa6 Rc2 43. a4 Ra2 44. a5 Kf8 45. Ra8+ Kg7 46.
a6 Kf6 47. a7 Kf5 48. Rb8 Rxa7 49. Rb5+ Kf6 1/2-1/2

[Event "9. Longericher Sommer-Open"]
[Site "9. Longericher Sommer-Open"]
[Date "2012.08.03"]
[Round "1.23"]
[White "Kuhn, Andreas"]
[Black "Dijkhuis, Sven"]
[Result "1/2-1/2"]
[WhiteElo "1944"]
[BlackElo "1724"]
[PlyCount "59"]
[EventDate "2012.??.??"]
[WhiteTeam "SG Niederkassel"]
[BlackTeam "Schaakclub Utrecht"]

1. c4 e5 2. g3 f5 3. Bg2 Nf6 4. Nc3 Nc6 5. d3 Bb4 6. Bd2 Bxc3 7. Bxc3 d6 8. Nf3
O-O 9. O-O Qe8 10. b4 a6 11. e3 e4 12. Ne1 Ne5 13. Rc1 Kh8 14. Qd2 Qh5 15. f4
exf3 16. Nxf3 Nfg4 17. Ba1 Bd7 18. d4 Nf7 19. Nh4 Rae8 20. Rce1 Qh6 21. Bxb7
Nxe3 22. Rf3 Nxc4 23. Rxe8 Rxe8 24. Qxh6 Nxh6 25. Bxa6 Nb6 26. Bc3 Bc6 27. Rf2
Be4 28. Bf1 Ra8 29. Bh3 Nd5 30. Bd2 1/2-1/2

[Event "9. Longericher Sommer-Open"]
[Site "9. Longericher Sommer-Open"]
[Date "2012.08.03"]
[Round "1.24"]
[White "Janssen, Wolfgang"]
[Black "Florin, Jon"]
[Result "0-1"]
[WhiteElo "1697"]
[BlackElo "1815"]
[PlyCount "176"]
[EventDate "2012.??.??"]
[WhiteTeam "SV Bayer Dormagen 47"]
[BlackTeam "ASK Reti Zürich"]

1. Nf3 g6 2. g3 Bg7 3. Bg2 e5 4. d3 d6 5. e4 Ne7 6. O-O O-O 7. Nh4 f5 8. Bg5
Nd7 9. Nc3 Nf6 10. f4 h6 11. Bxf6 Bxf6 12. Nxg6 Nxg6 13. exf5 Bxf5 14. Qh5 Bg7
15. fxe5 Qg5 16. Qxg5 hxg5 17. Rxf5 Rxf5 18. Be4 Rxe5 19. Bxg6 Rc5 20. Re1 Bd4+
21. Kg2 Bxc3 22. bxc3 Rxc3 23. Re2 Kg7 24. Bf5 Rc5 25. g4 Kf6 26. Re6+ Kf7 27.
c4 Re8 28. Rh6 Rg8 29. d4 Ra5 30. Kf3 Rxa2 31. c5 Ra3+ 32. Kf2 dxc5 33. dxc5
Rc3 34. Be4 c6 35. Rh7+ Rg7 36. Rh8 Rxc5 37. Rb8 Kf6 38. Bf5 Re7 39. Rd8 Rd5
40. Rg8 Rg7 41. Re8 Re5 42. Rd8 Rxf5+ 43. gxf5 Kxf5 44. Ra8 b6 45. Kf3 Rf7 46.
Re8 c5 47. Ke3 b5 48. Rc8 Re7+ 49. Kd3 c4+ 50. Kd4 Re4+ 51. Kd5 Re5+ 52. Kd4
Kf4 53. Ra8 Re7 54. Rf8+ Kg4 55. Rb8 a6 56. Rb6 Rc7 57. Kc3 Ra7 58. Kb4 Kh3 59.
Rh6+ Kg2 60. Rg6 Kxh2 61. Rxg5 Kh3 62. Rc5 Kg4 63. Ka5 Kf4 64. Kb6 Re7 65. Kxa6
Re5 66. Rc8 Ke4 67. Ka5 Kd3 68. Kb4 Kc2 69. Rh8 Rd5 70. Rh2+ Kd3 71. Rh3+ Ke4
72. Rh4+ Kf5 73. Rh5+ Ke6 74. Rh6+ Kd7 75. Rh7+ Kc6 76. Rh6+ Rd6 77. Rh5 Rd5
78. Rh6+ Kd7 79. Rh7+ Ke6 80. Rh6+ Ke5 81. Rh5+ Ke4 82. Rh4+ Kd3 83. Rh3+ Kc2
84. Rc3+ Kb2 85. Rh3 Rd2 86. Rg3 c3 87. Rh3 Rd4+ 88. Kxb5 c2 0-1

[Event "9. Longericher Sommer-Open"]
[Site "9. Longericher Sommer-Open"]
[Date "2012.08.03"]
[Round "1.25"]
[White "Weinmann-Musset, Manfred"]
[Black "Runte, Dirk"]
[Result "1-0"]
[WhiteElo "1857"]
[BlackElo "1727"]
[PlyCount "71"]
[EventDate "2012.??.??"]
[WhiteTeam "Ford-SF Köln e.V."]
[BlackTeam "SV Fideler Bauer Lever"]

1. d4 Nf6 2. c4 e6 3. Nc3 b6 4. e4 Bb4 5. Bd3 Bb7 6. Qc2 c5 7. d5 exd5 8. cxd5
Qe7 9. Nge2 c4 10. Bxc4 Qxe4 11. Qxe4+ Nxe4 12. Be3 Ba6 13. Bxa6 Nxa6 14. O-O
Nf6 15. Bd4 Nc7 16. Bxf6 gxf6 17. Rfd1 Rg8 18. Ne4 Rg6 19. Nf4 Rh6 20. Rac1 Nb5
21. Rc4 Be7 22. d6 Bd8 23. Ng3 f5 24. Nxf5 Rf6 25. g4 a5 26. a4 Na7 27. Re4+
Kf8 28. Rde1 Re6 29. Nxe6+ fxe6 30. Nd4 Rc8 31. R1e3 Rc5 32. Rf3+ Kg7 33. Ref4
Rd5 34. Rf7+ Kg6 35. Rxd7 Rxd4 36. Rxd8 1-0